[Event "Quebec op U2400"]
[Site "Montreal CAN"]
[Date "2009.07.21"]
[Round "5"]
[White "Fareh, Youness"]
[Black "Auger, Bertrand"]
[Result "1-0"]
[WhiteElo "2177"]
[BlackElo "1967"]
[PlyCount "87"]
[GameId "2160767910155607"]
[EventDate "2009.07.18"]
[EventType "swiss"]
[EventRounds "9"]
[EventCountry "CAN"]
[SourceTitle "EXT 2011"]
[Source "ChessBase"]
[SourceDate "2011.11.26"]
[SourceVersion "1"]
[SourceVersionDate "2011.11.26"]
[SourceQuality "1"]

1. Nf3 Nf6 2. g3 b6 3. Bg2 Bb7 4. c4 e6 5. Nc3 Be7 6. O-O O-O 7. d4 Ne4 8. Qc2 Nxc3 9. Qxc3 Be4 10. Bh3 f5 11. Ne5 d6 12. Nd3 Bf6 13. Nf4 Qe8 14. f3 Bb7 15. Qe3 e5 16. dxe5 Bxe5 17. Nd5 Nc6 18. Qd3 Qf7 19. f4 Bd4+ 20. e3 Bc5 21. Bd2 a5 22. a3 a4 23. Bg2 Nd8 24. Rfe1 c6 25. Nb4 Rc8 26. Rac1 Ne6 27. Bc3 Rfe8 28. Qc2 Nf8 29. Bd2 b5 30. Nd3 Ba7 31. c5 d5 32. Ne5 Qh5 33. Bf3 Qh3 34. b3 axb3 35. Qxb3 Qh6 36. a4 Qe6 37. axb5 Red8 38. Ba5 Rd7 39. Nxd7 Nxd7 40. b6 Bb8 41. e4 fxe4 42. Rxe4 Qf7 43. Re3 Nf6 44. Rce1 1-0

[Event "Quebec op U2400"]
[Site "Montreal CAN"]
[Date "2009.07.21"]
[Round "5"]
[White "Groleau, Gilles"]
[Black "Libersan, Mattieu"]
[Result "0-1"]
[WhiteElo "2080"]
[BlackElo "1863"]
[PlyCount "72"]
[GameId "2160767910155608"]
[EventDate "2009.07.18"]
[EventType "swiss"]
[EventRounds "9"]
[EventCountry "CAN"]
[SourceTitle "hb 2009.08"]

1. e4 e5 2. Nf3 Nc6 3. Bb5 f5 4. d3 fxe4 5. dxe4 Nf6 6. O-O d6 7. Nc3 Be7 8. Bg5 O-O 9. Bxf6 Bxf6 10. Qd5+ Kh8 11. Bxc6 bxc6 12. Qxc6 Bg4 13. Nd2 Bg5 14. Nb3 Qf6 15. Nd5 Qh6 16. Rae1 Rac8 17. f3 Be6 18. Re2 Rf7 19. Qc3 c6 20. Ne3 d5 21. Nf5 Bxf5 22. exf5 d4 23. Qd3 Be3+ 24. Kh1 Rcf8 25. g4 g6 26. Qe4 Bf4 27. Qxc6 Rf6 28. Qc4 gxf5 29. gxf5 Rxf5 30. Rg2 Rh5 31. Qe2 Be3 32. Nd2 Rhf5 33. Ne4 Qh3 34. Rg3 Qh4 35. Qg2 Qxe4 36. Rg1 Qd5 0-1

[Event "Quebec op U2400"]
[Site "Montreal CAN"]
[Date "2009.07.21"]
[Round "5"]
[White "Hajiyev, Elshad"]
[Black "Trinh, Tri Bao"]
[Result "1/2-1/2"]
[WhiteElo "2096"]
[BlackElo "2039"]
[PlyCount "99"]
[GameId "2160767910155609"]
[EventDate "2009.07.18"]
[EventType "swiss"]
[EventRounds "9"]
[EventCountry "CAN"]
[SourceTitle "hb 2009.08"]

1. d4 d5 2. Nf3 Nf6 3. c3 c6 4. Bf4 Bf5 5. e3 e6 6. Bd3 Bxd3 7. Qxd3 Be7 8. Nbd2 Nbd7 9. O-O O-O 10. c4 Nh5 11. c5 Nxf4 12. exf4 b6 13. b4 bxc5 14. bxc5 Qa5 15. Rfe1 Bf6 16. Ne5 Bxe5 17. fxe5 Rab8 18. Nf3 Qb5 19. Qc2 Qa5 20. Re3 Rfc8 21. h4 Rb4 22. a3 Rcb8 23. Rd1 Rb2 24. Qd3 Qb5 25. Qxb5 R8xb5 26. Rdd3 a5 27. g4 a4 28. Rc3 Nb8 29. h5 h6 30. g5 hxg5 31. Nxg5 Rd2 32. Nf3 Rd1+ 33. Kg2 Na6 34. Re1 Rbb1 35. Rxd1 Rxd1 36. Rc2 Nc7 37. Rb2 Nb5 38. Rb4 Rd3 39. Rxa4 Rxa3 40. Rxa3 Nxa3 41. Nd2 Kh7 42. Kg3 Kh6 43. Kg4 g6 44. hxg6 Kxg6 45. f4 Nc2 46. Nb3 Ne3+ 47. Kf3 Nc4 48. Nc1 Kf5 49. Nd3 Nd2+ 50. Ke3 1/2-1/2

[Event "Quebec op U2400"]
[Site "Montreal CAN"]
[Date "2009.07.21"]
[Round "5"]
[White "Khassanov, Marat"]
[Black "Qin, Zi Yi (Joey)"]
[Result "1-0"]
[WhiteElo "2284"]
[BlackElo "2140"]
[PlyCount "99"]
[GameId "2160767910155613"]
[EventDate "2009.07.18"]
[EventType "swiss"]
[EventRounds "9"]
[EventCountry "CAN"]
[SourceTitle "hb 2009.08"]

1. e4 c5 2. Nf3 d6 3. c3 Nf6 4. Bd3 e6 5. Bc2 Be7 6. O-O O-O 7. Re1 Nc6 8. d4 b6 9. Nbd2 cxd4 10. Nxd4 Bb7 11. N2f3 Ne5 12. Bg5 Nfd7 13. Bf4 a6 14. Qe2 Qc7 15. Rad1 Rfd8 16. Bc1 Nf8 17. Ng5 Nc6 18. Nxc6 Bxc6 19. Qh5 Be8 20. Qh3 h6 21. Nf3 Bf6 22. Qg3 Kh8 23. e5 dxe5 24. Rxd8 Rxd8 25. Nxe5 Qc5 26. h3 Rd5 27. Ng4 Bg5 28. Bxg5 Rxg5 29. Re5 Rxe5 30. Qxe5 Qxe5 31. Nxe5 f6 32. Nc4 b5 33. Nd6 Bc6 34. Bb3 Kh7 35. a3 Kg6 36. c4 bxc4 37. Bxc4 a5 38. b4 axb4 39. axb4 Bd5 40. Bxd5 exd5 41. g4 Nd7 42. Kf1 f5 43. Nxf5 Kf6 44. Ke2 g6 45. Nd4 Ke5 46. Ke3 Kd6 47. Nf3 Nb8 48. b5 Kc5 49. Ne5 Kxb5 50. Kd4 1-0

[Event "Quebec op U2400"]
[Site "Montreal CAN"]
[Date "2009.07.21"]
[Round "5"]
[White "Mai, Lloyd"]
[Black "Arsenault, Nicolas"]
[Result "1-0"]
[WhiteElo "2173"]
[BlackElo "2161"]
[PlyCount "57"]
[GameId "2160767910155615"]
[EventDate "2009.07.18"]
[EventType "swiss"]
[EventRounds "9"]
[EventCountry "CAN"]
[SourceTitle "hb 2009.08"]

1. e4 e6 2. d3 d5 3. Nd2 Nf6 4. g3 dxe4 5. dxe4 e5 6. Ngf3 Bc5 7. Bg2 Nc6 8. O-O O-O 9. Qe2 a5 10. Nc4 Qe7 11. Ne3 Bxe3 12. Qxe3 b6 13. Re1 Bb7 14. c3 a4 15. Nh4 g6 16. Bh3 Bc8 17. Bxc8 Rfxc8 18. Qe2 Qe6 19. Bg5 Ne8 20. f4 exf4 21. gxf4 Ra5 22. f5 Qe5 23. Nf3 Qg7 24. e5 h6 25. Bf4 gxf5+ 26. Kh1 Qh7 27. Rg1+ Kh8 28. Qe3 Ng7 29. Bxh6 1-0

[Event "Quebec op U2400"]
[Site "Montreal CAN"]
[Date "2009.07.21"]
[Round "5"]
[White "Poulin, Mathieu"]
[Black "De Lagrave, Sylvain"]
[Result "1-0"]
[WhiteElo "1749"]
[BlackElo "2057"]
[PlyCount "63"]
[GameId "2160767910155616"]
[EventDate "2009.07.18"]
[EventType "swiss"]
[EventRounds "9"]
[EventCountry "CAN"]
[SourceTitle "hb 2009.08"]

1. d4 Nf6 2. c4 c5 3. Nf3 cxd4 4. Nxd4 Nc6 5. Nc3 g6 6. e4 Bg7 7. Be3 d6 8. f3 O-O 9. Be2 Qa5 10. O-O Bd7 11. Rc1 Rfc8 12. Qd2 a6 13. Nb3 Qd8 14. Nd5 Nxd5 15. exd5 Ne5 16. Nd4 b5 17. cxb5 axb5 18. Rxc8 Qxc8 19. Rc1 Qb7 20. b3 Rb8 21. h3 f5 22. f4 Nf7 23. Bf3 g5 24. g3 b4 25. Bg2 gxf4 26. gxf4 Rc8 27. Rxc8+ Bxc8 28. Nc6 Bc3 29. Qd3 Bf6 30. Bd4 e5 31. dxe6 Bxd4+ 32. Nxd4 1-0

[Event "Quebec op U2400"]
[Site "Montreal CAN"]
[Date "2009.07.21"]
[Round "5"]
[White "Ramaswamy, Kishor"]
[Black "Wenaas, Eric"]
[Result "1/2-1/2"]
[WhiteElo "2118"]
[BlackElo "2171"]
[PlyCount "54"]
[GameId "2160767910155617"]
[EventDate "2009.07.18"]
[EventType "swiss"]
[EventRounds "9"]
[EventCountry "CAN"]
[SourceTitle "hb 2009.08"]

1. d4 d5 2. Nf3 Nf6 3. Bf4 e6 4. e3 Be7 5. Nbd2 O-O 6. Bd3 c5 7. c3 Nc6 8. Ne5 Bd6 9. Ndf3 Qc7 10. O-O b6 11. Nxc6 Qxc6 12. Ne5 Qc7 13. a4 a5 14. Qe2 Nd7 15. Nxd7 Bxd7 16. Bxd6 Qxd6 17. f4 f5 18. g4 fxg4 19. Qxg4 Rf6 20. Qh4 h6 21. Rf2 Ra7 22. Rg2 Kf8 23. Kh1 Be8 24. Rag1 Rff7 25. Bg6 Rfe7 26. Bh7 Bxa4 27. Qxh6 gxh6 1/2-1/2

[Event "Quebec op U2400"]
[Site "Montreal CAN"]
[Date "2009.07.21"]
[Round "5"]
[White "Robichaud, Louis"]
[Black "Zhang, Zhiyuan"]
[Result "1-0"]
[WhiteElo "2123"]
[BlackElo "1902"]
[PlyCount "91"]
[GameId "2160767910155618"]
[EventDate "2009.07.18"]
[EventType "swiss"]
[EventRounds "9"]
[EventCountry "CAN"]
[SourceTitle "hb 2009.08"]

1. e4 e6 2. d3 d5 3. Nd2 Nf6 4. Ngf3 c5 5. g3 Nc6 6. Bg2 Be7 7. O-O O-O 8. e5 Nd7 9. Re1 Qc7 10. Qe2 b5 11. Nf1 a5 12. Bf4 Ba6 13. c3 Rac8 14. h4 Rfe8 15. Rac1 Qb6 16. N1h2 Nf8 17. h5 h6 18. Ng4 Nh7 19. Qd2 Qd8 20. Bxh6 gxh6 21. Nxh6+ Kg7 22. Nxf7 Kxf7 23. Qh6 Rg8 24. Qxh7+ Rg7 25. Qh6 Bg5 26. Nxg5+ Qxg5 27. Qf6+ Qxf6 28. exf6 Kxf6 29. Re3 Rh8 30. Rce1 Nd8 31. Bf3 Bb7 32. d4 cxd4 33. cxd4 Rc7 34. Be2 b4 35. f4 Rc2 36. Bd3 Rxb2 37. g4 Bc8 38. Rc1 Nf7 39. Rc7 Rf8 40. g5+ Nxg5 41. fxg5+ Kxg5 42. Rg7+ Kf6 43. Reg3 Rf7 44. h6 Rxg7 45. hxg7 Rxa2 46. g8=Q 1-0

[Event "Quebec op U2400"]
[Site "Montreal CAN"]
[Date "2009.07.21"]
[Round "5"]
[White "Robidas, Francois"]
[Black "Lemieux, Serge"]
[Result "1-0"]
[WhiteElo "2026"]
[BlackElo "1537"]
[PlyCount "129"]
[GameId "2160767910155619"]
[EventDate "2009.07.18"]
[EventType "swiss"]
[EventRounds "9"]
[EventCountry "CAN"]
[SourceTitle "hb 2009.08"]

1. c4 c6 2. Nc3 Nf6 3. d4 d5 4. Nf3 e6 5. Bg5 Nbd7 6. e3 Be7 7. Bd3 dxc4 8. Bxc4 Nd5 9. Bxe7 Qxe7 10. O-O b5 11. Bd3 N7f6 12. Ne5 Bd7 13. Rc1 Nb4 14. Bb1 Rc8 15. a3 Nbd5 16. Qd3 Nxc3 17. Rxc3 Nd5 18. Rc5 f6 19. Nf3 Qf7 20. Nd2 g6 21. f4 Rg8 22. e4 Ne7 23. Ba2 Qf8 24. e5 f5 25. Nf3 Nd5 26. g3 h6 27. Rfc1 Kf7 28. Bxd5 exd5 29. e6+ Kxe6 30. Ne5 Qd6 31. Re1 Kf6 32. Qc3 Rc7 33. Rc1 Rgc8 34. Re1 Re8 35. Re3 Re6 36. Qe1 Be8 37. b4 Rce7 38. Rc2 a6 39. Qc1 Rc7 40. Rec3 Qe7 41. Rc5 Qd6 42. Kf2 g5 43. R2c3 g4 44. Qd1 h5 45. a4 Qe7 46. Qc2 Qd6 47. axb5 axb5 48. Qa2 Qe7 49. Ra3 Bd7 50. Ke3 Be8 51. Kd3 Qg7 52. Ra6 Qe7 53. Kc3 Qh7 54. Kb3 h4 55. Rc3 h3 56. Kc2 Qe7 57. Rb3 Qd6 58. Kc3 Ree7 59. Rba3 Qd8 60. R3a5 Kg7 61. Ra8 Qd6 62. R5a6 Kf6 63. Kb3 Kg7 64. Qc2 Re6 65. Qxf5 1-0

[Event "Quebec op U2400"]
[Site "Montreal CAN"]
[Date "2009.07.21"]
[Round "5"]
[White "Voskanyan, Vahagn"]
[Black "Wang, Andrew"]
[Result "1-0"]
[WhiteElo "2258"]
[BlackElo "2114"]
[PlyCount "99"]
[GameId "2160767910155622"]
[EventDate "2009.07.18"]
[EventType "swiss"]
[EventRounds "9"]
[EventCountry "CAN"]
[SourceTitle "hb 2009.08"]

1. Nf3 Nf6 2. c4 g6 3. g3 Bg7 4. Bg2 c6 5. d4 d5 6. cxd5 cxd5 7. Nc3 Nc6 8. O-O O-O 9. Ne5 Be6 10. Bf4 Nd7 11. Nxc6 bxc6 12. Na4 f6 13. Rc1 Rc8 14. Nc5 Nxc5 15. Rxc5 Qb6 16. Qd2 Rfe8 17. b4 Bd7 18. a3 e5 19. dxe5 fxe5 20. Be3 Qb8 21. Rfc1 Bf8 22. Ra5 Rc7 23. Bc5 e4 24. Bd4 Bf5 25. Qf4 Bg7 26. Bxg7 Kxg7 27. Rxd5 Qb6 28. e3 Rf7 29. Rdc5 Qa6 30. R5c3 Qe2 31. Bf1 Qd2 32. R3c2 Qd8 33. h4 h6 34. g4 Bd7 35. Qh2 Qf6 36. Qg3 Ref8 37. Bh3 Qe7 38. Bg2 Kh8 39. Rd2 h5 40. g5 Qe8 41. Rc4 Bf5 42. Rdc2 Qd7 43. Rxc6 Qd1+ 44. Kh2 Bd7 45. Rc7 Rf3 46. Rxd7 Qxd7 47. Rc7 Qxc7 48. Qxc7 R8f7 49. Qc4 Rxf2 50. Kg3 1-0

[Event "Quebec op U2400"]
[Site "Montreal CAN"]
[Date "2009.07.22"]
[Round "6"]
[White "Auger, Bertrand"]
[Black "Lemieux, Serge"]
[Result "1-0"]
[WhiteElo "1967"]
[BlackElo "1533"]
[PlyCount "37"]
[GameId "2160767910155624"]
[EventDate "2009.07.18"]
[EventType "swiss"]
[EventRounds "9"]
[EventCountry "CAN"]
[SourceTitle "hb 2009.08"]

1. Nf3 d5 2. g3 c5 3. Bg2 Nc6 4. d4 Nf6 5. O-O cxd4 6. Nxd4 e5 7. Nxc6 bxc6 8. c4 Be7 9. Nc3 Bb7 10. Bg5 e4 11. cxd5 Nxd5 12. Bxe7 Qxe7 13. Nxe4 Rd8 14. Qc2 f5 15. Nc5 O-O 16. e4 fxe4 17. Bxe4 Nf6 18. Rae1 Nxe4 19. Rxe4 1-0

[Event "Quebec op U2400"]
[Site "Montreal CAN"]
[Date "2009.07.22"]
[Round "6"]
[White "Beaulieu, Pierre"]
[Black "Robichaud, Louis"]
[Result "1/2-1/2"]
[WhiteElo "1989"]
[BlackElo "2123"]
[PlyCount "45"]
[GameId "2160767910155625"]
[EventDate "2009.07.18"]
[EventType "swiss"]
[EventRounds "9"]
[EventCountry "CAN"]
[SourceTitle "hb 2009.08"]

1. e4 e5 2. Nc3 Nf6 3. Bc4 Nxe4 4. Qe2 Nxc3 5. Qxe5+ Qe7 6. Qxe7+ Bxe7 7. dxc3 O-O 8. Be3 c6 9. Nf3 d5 10. Bd3 Nd7 11. O-O Nc5 12. Bxc5 Bxc5 13. Rfe1 Bg4 14. Ne5 Be6 15. h3 Rae8 16. Re2 f6 17. Nf3 Bd7 18. Rae1 Rxe2 19. Rxe2 Re8 20. Rxe8+ Bxe8 21. Bf5 a5 22. Nd4 Bxd4 23. cxd4 1/2-1/2

[Event "Quebec op U2400"]
[Site "Montreal CAN"]
[Date "2009.07.22"]
[Round "6"]
[White "Berube, Antoine"]
[Black "Khassanov, Marat"]
[Result "1/2-1/2"]
[WhiteElo "2151"]
[BlackElo "2284"]
[PlyCount "150"]
[GameId "2160767910155627"]
[EventDate "2009.07.18"]
[EventType "swiss"]
[EventRounds "9"]
[EventCountry "CAN"]
[SourceTitle "hb 2009.08"]

1. d4 Nf6 2. c4 g6 3. Nc3 Bg7 4. e4 d6 5. f3 O-O 6. Be3 e5 7. d5 c6 8. Bd3 cxd5 9. cxd5 Nh5 10. Nge2 f5 11. exf5 gxf5 12. O-O Nd7 13. Qd2 Nc5 14. Bc2 a5 15. f4 e4 16. Nd4 Nf6 17. h3 Qe7 18. Ndb5 b6 19. Rfd1 Bd7 20. Rac1 Rab8 21. b3 Kh8 22. a3 Rfc8 23. Nd4 b5 24. b4 axb4 25. axb4 Na6 26. Rb1 Rxc3 27. Qxc3 Nxd5 28. Qd2 Naxb4 29. Rxb4 Nxb4 30. Qxb4 Rc8 31. Bb3 h6 32. Bd5 Rc5 33. Nb3 Rc3 34. Bd4 Rg3 35. Bf2 Rg6 36. Re1 Kh7 37. Re2 Bf6 38. Bd4 Bxd4+ 39. Qxd4 Qh4 40. Kh1 Qxf4 41. Ra2 Qf1+ 42. Kh2 Qf4+ 43. Kh1 Qf1+ 44. Qg1 Qf4 45. Nd4 Qe5 46. Bc6 Bxc6 47. Nxc6 Qc5 48. Ne7 Qxg1+ 49. Kxg1 Rf6 50. g3 Rf7 51. Nd5 Kg7 52. Kf2 Rb7 53. Ke3 b4 54. Kf4 b3 55. Rb2 Kg6 56. Ne3 Rb5 57. Nc4 Rc5 58. Nxd6 Rc3 59. Nxf5 Rf3+ 60. Kxe4 Rxf5 61. Rxb3 Rf6 62. Rb5 Ra6 63. Rd5 Rf6 64. Re5 Ra6 65. Kf4 Ra4+ 66. Re4 Ra6 67. Kg4 Rf6 68. Kh4 Ra6 69. Rg4+ Kh7 70. Rf4 Kg6 71. Rb4 h5 72. Rb5 Ra4+ 73. g4 hxg4 74. hxg4 Ra6 75. Rb8 Kh6 1/2-1/2

[Event "Quebec op U2400"]
[Site "Montreal CAN"]
[Date "2009.07.22"]
[Round "6"]
[White "Caire, Francois"]
[Black "Wang, Andrew"]
[Result "0-1"]
[WhiteElo "2260"]
[BlackElo "2114"]
[PlyCount "68"]
[GameId "2160767910155628"]
[EventDate "2009.07.18"]
[EventType "swiss"]
[EventRounds "9"]
[EventCountry "CAN"]
[SourceTitle "hb 2009.08"]

1. d4 Nf6 2. Nf3 g6 3. c4 Bg7 4. Nc3 d6 5. e4 O-O 6. Be2 e5 7. O-O Nc6 8. d5 Ne7 9. Ne1 Nd7 10. Be3 f5 11. f3 f4 12. Bf2 g5 13. Rc1 Ng6 14. c5 Nf6 15. cxd6 cxd6 16. Nb5 Ne8 17. Nxa7 Bd7 18. Qb3 Rb8 19. Qb6 Qe7 20. Nc6 bxc6 21. Qxb8 cxd5 22. Qb3 Nf6 23. exd5 e4 24. fxe4 Nxe4 25. Nc2 Nd2 26. Qb4 Nxf1 27. Bxf1 g4 28. g3 fxg3 29. hxg3 Qf7 30. Bd4 Ne5 31. Be2 Nf3+ 32. Bxf3 Qxf3 33. Bxg7 Qxg3+ 34. Kh1 Rf2 0-1

[Event "Quebec op U2400"]
[Site "Montreal CAN"]
[Date "2009.07.22"]
[Round "6"]
[White "Luksza, Arkadiusz"]
[Black "Libersan, Thierry"]
[Result "1-0"]
[WhiteElo "2129"]
[BlackElo "2053"]
[PlyCount "81"]
[GameId "2160767910155630"]
[EventDate "2009.07.18"]
[EventType "swiss"]
[EventRounds "9"]
[EventCountry "CAN"]
[SourceTitle "hb 2009.08"]

1. d4 Nf6 2. Nf3 c5 3. g3 b6 4. d5 Bb7 5. c4 e6 6. Nc3 exd5 7. Nxd5 Bxd5 8. cxd5 d6 9. Bg2 Nbd7 10. O-O Be7 11. Nh4 O-O 12. Nf5 Re8 13. Bf4 Nf8 14. e4 Ng6 15. e5 dxe5 16. d6 Bf8 17. Bxa8 Qxa8 18. Bg5 Ne4 19. Be3 Nxd6 20. Nxd6 Rd8 21. Qc2 Rxd6 22. Rad1 Nh4 23. gxh4 Rg6+ 24. Bg5 h6 25. Qf5 hxg5 26. hxg5 Be7 27. h4 Re6 28. Rfe1 e4 29. Rd7 c4 30. Re3 Qe8 31. Rxa7 Bc5 32. Qd5 Kh7 33. Ra8 Qe7 34. Re2 Re5 35. Qd8 Qe6 36. Qh8+ Kg6 37. h5+ Kf5 38. h6 Kf4 39. hxg7 Rxg5+ 40. Kh1 Qd6 41. Rd8 1-0

[Event "Quebec op U2400"]
[Site "Montreal CAN"]
[Date "2009.07.22"]
[Round "6"]
[White "Luo, Zhao Yang"]
[Black "Hajiyev, Elshad"]
[Result "0-1"]
[WhiteElo "1824"]
[BlackElo "2096"]
[PlyCount "90"]
[GameId "2160767910155631"]
[EventDate "2009.07.18"]
[EventType "swiss"]
[EventRounds "9"]
[EventCountry "CAN"]
[SourceTitle "hb 2009.08"]

1. d4 c5 2. Nf3 cxd4 3. Nxd4 e5 4. Nf3 e4 5. Nd4 Nc6 6. Nc3 Bb4 7. Ndb5 Bxc3+ 8. Nxc3 Nge7 9. Nxe4 d5 10. Ng3 h5 11. e3 h4 12. Ne2 Bg4 13. f3 Bh5 14. Nf4 h3 15. g4 Bg6 16. Bb5 Qa5+ 17. Bd2 Qxb5 18. Bc3 d4 19. exd4 Qg5 20. Qd2 Qh4+ 21. Qf2 Qxf2+ 22. Kxf2 O-O-O 23. Rad1 Nd5 24. Nxg6 fxg6 25. Bd2 Nxd4 26. Bg5 Nf6 27. c3 Ne6 28. Be3 b6 29. Rhe1 Rxd1 30. Rxd1 Rd8 31. Ke1 Nc5 32. Bxc5 bxc5 33. Rd2 Re8+ 34. Kf2 Kc7 35. Kg3 Re3 36. Kf4 Re1 37. Rf2 Rg1 38. Re2 Nd5+ 39. Ke5 Rg2 40. Re4 Nf6 41. Ra4 Kb6 42. b4 c4 43. b5 Rxh2 44. g5 Re2+ 45. Kd4 h2 0-1

[Event "Quebec op U2400"]
[Site "Montreal CAN"]
[Date "2009.07.22"]
[Round "6"]
[White "Poulin, Mathieu"]
[Black "Arsenault, Nicolas"]
[Result "0-1"]
[WhiteElo "1749"]
[BlackElo "2161"]
[PlyCount "82"]
[GameId "2160767910155632"]
[EventDate "2009.07.18"]
[EventType "swiss"]
[EventRounds "9"]
[EventCountry "CAN"]
[SourceTitle "hb 2009.08"]

1. d4 Nf6 2. c4 e6 3. Nc3 Bb4 4. Qc2 c5 5. dxc5 Qc7 6. a3 Bxc5 7. Bg5 Be7 8. e3 a6 9. Nf3 d6 10. Be2 Nbd7 11. O-O b6 12. Rfd1 Bb7 13. Rac1 O-O 14. h3 Rac8 15. Bf4 Rfd8 16. b3 Ne5 17. a4 Nxf3+ 18. Bxf3 Bxf3 19. gxf3 Qb7 20. Qe2 Rc5 21. e4 Rh5 22. Kh2 g6 23. Qe3 Qc8 24. e5 dxe5 25. Rxd8+ Bxd8 26. Bg5 Nd7 27. Bxd8 Qxd8 28. Ne2 Qh4 29. Ng1 Qd4 30. Ne2 Qh4 31. Ng1 Kf8 32. Rd1 Ke7 33. Qd2 Qf4+ 34. Kh1 Qxd2 35. Rxd2 Nc5 36. b4 Nxa4 37. Ra2 b5 38. c5 Rh4 39. Rd2 Rxb4 40. c6 Rd4 41. Rc2 Rc4 0-1

[Event "Quebec op U2400"]
[Site "Montreal CAN"]
[Date "2009.07.22"]
[Round "6"]
[White "Qin, Zi Yi (Joey)"]
[Black "Kayembe, Doris"]
[Result "1-0"]
[WhiteElo "2140"]
[BlackElo "1901"]
[PlyCount "109"]
[GameId "2160767910155633"]
[EventDate "2009.07.18"]
[EventType "swiss"]
[EventRounds "9"]
[EventCountry "CAN"]
[SourceTitle "hb 2009.08"]

1. e4 d5 2. exd5 Qxd5 3. Nc3 Qd6 4. d4 Nf6 5. Nf3 a6 6. Be2 Nbd7 7. Be3 e6 8. a4 b6 9. Nd2 Bb7 10. O-O c5 11. dxc5 Nxc5 12. Nc4 Qc7 13. Qd4 Rd8 14. Qf4 Qxf4 15. Bxf4 Nxa4 16. Nxa4 b5 17. Na5 Be4 18. Nc3 Bxc2 19. Nc6 b4 20. Nxd8 bxc3 21. bxc3 Kxd8 22. Rxa6 Nd5 23. Ra8+ Ke7 24. Bd2 Nb6 25. Ra6 Nd7 26. c4 Kf6 27. Bc3+ Kg6 28. Ra7 Nc5 29. Ra8 Be4 30. Rc8 Bb7 31. Rb8 Ne4 32. Bb4 Bxb4 33. Rxh8 Bc5 34. Bf3 f5 35. Bxe4 Bxe4 36. Rc8 Bd4 37. Rd1 e5 38. Kf1 f4 39. f3 Bc2 40. Rd2 Bf5 41. Rc6+ Kf7 42. Ke2 Ke7 43. Ra6 g5 44. Rda2 g4 45. R2a5 Bc8 46. Rh6 Bf5 47. Rb5 gxf3+ 48. gxf3 Bg6 49. Rxg6 hxg6 50. Kd3 Kd6 51. Rd5+ Ke6 52. Ke4 Bc3 53. c5 g5 54. h3 Bb2 55. c6 1-0

[Event "Quebec op U2400"]
[Site "Montreal CAN"]
[Date "2009.07.22"]
[Round "6"]
[White "Ramaswamy, Kishor"]
[Black "Voskanyan, Vahagn"]
[Result "1/2-1/2"]
[WhiteElo "2118"]
[BlackElo "2258"]
[PlyCount "147"]
[GameId "2160767910155634"]
[EventDate "2009.07.18"]
[EventType "swiss"]
[EventRounds "9"]
[EventCountry "CAN"]
[SourceTitle "hb 2009.08"]

1. d4 d5 2. Nf3 Bf5 3. Bf4 e6 4. e3 Nf6 5. c4 c6 6. Qb3 Qb6 7. c5 Qxb3 8. axb3 Bxb1 9. Rxb1 Nbd7 10. b4 a6 11. h3 Be7 12. Ra1 O-O 13. Be2 Ne4 14. Nd2 Nxd2 15. Kxd2 Rfe8 16. Bg3 Rad8 17. Bd3 Bf8 18. Bh4 f6 19. f4 Be7 20. g4 e5 21. fxe5 fxe5 22. Bxe7 Rxe7 23. g5 Nf8 24. Bf5 Rde8 25. Rae1 Ne6 26. g6 hxg6 27. Bxg6 Rf8 28. Rhf1 Rxf1 29. Rxf1 exd4 30. exd4 Nxd4 31. Kd3 Ne6 32. Kc3 Nf8 33. Bd3 Re3 34. h4 g6 35. Rf6 Kg7 36. Rd6 Re7 37. Bxa6 bxa6 38. Rxc6 Re6 39. Rc7+ Kf6 40. Kd4 Re4+ 41. Kxd5 Rxb4 42. Rc6+ Ke7 43. Rxa6 Rxb2 44. h5 Rd2+ 45. Ke4 gxh5 46. Rh6 Rh2 47. Kf5 Kf7 48. c6 Kg7 49. c7 Kxh6 50. c8=Q Rf2+ 51. Ke4 Ng6 52. Qc1+ Kg7 53. Qc7+ Rf7 54. Qc3+ Kh7 55. Qh3 Rf4+ 56. Ke3 Kh6 57. Qe6 Rf1 58. Ke2 Rf8 59. Ke3 h4 60. Qg4 Re8+ 61. Kf2 Re5 62. Qh3 Re4 63. Kf3 Rf4+ 64. Kg2 Kh5 65. Qd3 Rg4+ 66. Kh2 Rg2+ 67. Kh1 Rg3 68. Qf5+ Kh6 69. Kh2 Rg5 70. Qe4 Re5 71. Qg4 Re6 72. Qf5 Re2+ 73. Kh3 Re5 74. Qxe5 1/2-1/2

[Event "Quebec op U2400"]
[Site "Montreal CAN"]
[Date "2009.07.22"]
[Round "6"]
[White "Wenaas, Eric"]
[Black "Modwal, Sankalp"]
[Result "0-1"]
[WhiteElo "2171"]
[BlackElo "2147"]
[PlyCount "94"]
[GameId "2160767910155636"]
[EventDate "2009.07.18"]
[EventType "swiss"]
[EventRounds "9"]
[EventCountry "CAN"]
[SourceTitle "hb 2009.08"]

1. c4 Nf6 2. Nf3 e6 3. Nc3 Bb4 4. Qc2 b6 5. g3 Bb7 6. Bg2 O-O 7. O-O Re8 8. d3 Bf8 9. e4 d6 10. d4 Nbd7 11. Rd1 c5 12. e5 cxd4 13. exf6 Bxf3 14. Bxf3 dxc3 15. Qxc3 Rc8 16. fxg7 Bxg7 17. Qa3 Ne5 18. Be2 Nxc4 19. Bxc4 Rxc4 20. Qxd6 Qxd6 21. Rxd6 Rd4 22. Rxd4 Bxd4 23. Bh6 Rc8 24. Rd1 e5 25. Rd2 Rc6 26. Bg5 Kg7 27. Kg2 Kg6 28. Bd8 f6 29. f4 Kf7 30. fxe5 Bxe5 31. g4 h6 32. h4 Rc8 33. g5 hxg5 34. hxg5 fxg5 35. Kf3 Bxb2 36. Bxg5 Bc1 37. Rg2 Bxg5 38. Rxg5 Rc3+ 39. Ke4 Rc2 40. a3 Rc3 41. Rf5+ Ke6 42. Re5+ Kd6 43. Rd5+ Kc6 44. Rd3 Rxd3 45. Kxd3 Kd5 46. Kc3 a5 47. Kd3 b5 0-1

[Event "Quebec op U2400"]
[Site "Montreal CAN"]
[Date "2009.07.23"]
[Round "7"]
[White "Arsenault, Nicolas"]
[Black "Luksza, Arkadiusz"]
[Result "1/2-1/2"]
[WhiteElo "2161"]
[BlackElo "2126"]
[PlyCount "81"]
[GameId "2160767910155638"]
[EventDate "2009.07.18"]
[EventType "swiss"]
[EventRounds "9"]
[EventCountry "CAN"]
[SourceTitle "hb 2009.08"]

1. e4 d6 2. d4 g6 3. Nc3 Bg7 4. f4 a6 5. Nf3 b5 6. Bd3 Nd7 7. e5 Bb7 8. O-O Nh6 9. Ne4 d5 10. Neg5 e6 11. c3 c5 12. g4 cxd4 13. cxd4 Qb6 14. h3 O-O 15. Qe1 Rae8 16. Qh4 f5 17. Be3 Rc8 18. Kh1 Rfe8 19. gxf5 exf5 20. Qf2 Nf8 21. b4 Re7 22. Rfc1 Rec7 23. Qb2 Nf7 24. Nxf7 Kxf7 25. Nd2 Rxc1+ 26. Rxc1 Rxc1+ 27. Qxc1 Ne6 28. Nb3 Bf8 29. a3 Qd8 30. Qe1 Be7 31. Kh2 Qf8 32. Nc5 Bxc5 33. bxc5 Qd8 34. Kg3 Ng7 35. Be2 h5 36. Qb4 Bc6 37. Bd2 Ne6 38. Qb2 Kf8 39. Qc3 Kf7 40. Qb2 Kf8 41. Bd3 1/2-1/2

[Event "Quebec op U2400"]
[Site "Montreal CAN"]
[Date "2009.07.23"]
[Round "7"]
[White "Audet-Bouchard, Nicolas"]
[Black "Trinh, Tri Bao"]
[Result "0-1"]
[WhiteElo "2151"]
[BlackElo "2039"]
[PlyCount "56"]
[GameId "2160767910155639"]
[EventDate "2009.07.18"]
[EventType "swiss"]
[EventRounds "9"]
[EventCountry "CAN"]
[SourceTitle "hb 2009.08"]

1. e4 c5 2. Nf3 Nc6 3. Bb5 g6 4. O-O Bg7 5. Re1 e5 6. c3 Nge7 7. d3 O-O 8. Nbd2 a6 9. Ba4 b5 10. Bb3 Na5 11. Bc2 d6 12. h3 h6 13. Nf1 f5 14. exf5 Nxf5 15. Ng3 Bb7 16. Nxf5 gxf5 17. Nh2 Qf6 18. f4 Rae8 19. Be3 Qg6 20. Qd2 Kh8 21. b3 Rg8 22. Rf1 exf4 23. Bxf4 Bxg2 24. Ng4 Bxh3 25. Rf2 Qxg4+ 26. Kh1 Qh5 27. Rh2 b4 28. d4 bxc3 0-1